Cesta hore S riaditeľom Ľubom Romanom o divadle a o sponzoroch

Rozhovor s riaditeľom divadla Ľ. Romanom o fungovaní divadla, o sponzorovaní a podnikaní v kultúre a umení.

Guardado en:
Detalles Bibliográficos
Autor principal: Roman, Ľ.
Otros Autores: Rosenbergerová, Alžbeta
Formato: Capítulo de libro
Lenguaje:eslovaco
Materias:
Etiquetas: Agregar Etiqueta
Sin Etiquetas, Sea el primero en etiquetar este registro!

MARC

LEADER 00000naa a2200000 4500
001 r015534
005 20221213113147.6
041 0 |a slo 
044 |a SK 
245 1 0 |a Cesta hore  |b S riaditeľom Ľubom Romanom o divadle a o sponzoroch  |c Ľ. Roman, Alžbeta Rosenbergová 
520 |a Rozhovor s riaditeľom divadla Ľ. Romanom o fungovaní divadla, o sponzorovaní a podnikaní v kultúre a umení. 
610 2 0 |a kultúra 
610 2 0 |a sponzorovanie 
610 2 0 |a podnikanie 
610 2 0 |a umenie 
100 1 |a Roman, Ľ. 
700 1 |a Rosenbergerová, Alžbeta